000 00408nam a22001457a 4500
005 20250618140604.0
008 250618b |||||||| |||| 00| 0 eng d
020 _a9780853647423
050 _aBR125
_bBUR
100 _aBURNETT DAVID G.
245 _aTHE HEALING OF THE NATIONS;
_bTHE BIBLICAL BASIS OF THE MISSION OF GOD
260 _aLONDON
_bPATERNOSTER PRESS
_cc1973
300 _a230p
942 _2lcc
_cBK
_n0
999 _c6565
_d6565